| 000 -LEADER |
| fixed length control field |
00507pab a2200181 454500 |
| 008 - FIXED-LENGTH DATA ELEMENTS--GENERAL INFORMATION |
| fixed length control field |
180718b2015 xxu||||| |||| 00| 0 eng d |
| 100 ## - MAIN ENTRY--PERSONAL NAME |
| Personal name |
Shively, Gerald |
| 245 ## - TITLE STATEMENT |
| Title |
Agricultural diversity and child stunting in Nepal |
| 260 ## - PUBLICATION, DISTRIBUTION, ETC. |
| Date of publication, distribution, etc. |
2015 |
| 300 ## - PHYSICAL DESCRIPTION |
| Extent |
p.1078-1096. |
| 362 ## - DATES OF PUBLICATION AND/OR SEQUENTIAL DESIGNATION |
| Dates of publication and/or sequential designation |
Aug |
| 650 ## - SUBJECT ADDED ENTRY--TOPICAL TERM |
| Topical term or geographic name entry element |
Nutrition - Nepal |
| 650 ## - SUBJECT ADDED ENTRY--TOPICAL TERM |
| Topical term or geographic name entry element |
Agricultural production - Nepal |
| 650 ## - SUBJECT ADDED ENTRY--TOPICAL TERM |
| Topical term or geographic name entry element |
Agricultural production |
| 700 ## - ADDED ENTRY--PERSONAL NAME |
| Personal name |
Sununtnasuk, Celeste |
| 773 ## - HOST ITEM ENTRY |
| Main entry heading |
Journal of Development Studies |
| 909 ## - |
| -- |
109324 |